<?xml version="1.0" encoding="UTF-8"?>
<record
    xmlns:xsi="http://www.w3.org/2001/XMLSchema-instance"
    xsi:schemaLocation="http://www.loc.gov/MARC21/slim http://www.loc.gov/standards/marcxml/schema/MARC21slim.xsd"
    xmlns="http://www.loc.gov/MARC21/slim">

  <leader>00626cam a2200205   4500</leader>
  <controlfield tag="001">45453</controlfield>
  <datafield tag="090" ind1=" " ind2=" ">
    <subfield code="a">45453</subfield>
  </datafield>
  <datafield tag="100" ind1=" " ind2=" ">
    <subfield code="a">19940107d1948    m  y0pory5003    ba</subfield>
  </datafield>
  <datafield tag="101" ind1="1" ind2=" ">
    <subfield code="a">por</subfield>
  </datafield>
  <datafield tag="102" ind1=" " ind2=" ">
    <subfield code="a">PT</subfield>
  </datafield>
  <datafield tag="200" ind1="1" ind2=" ">
    <subfield code="a">100000 porqu&#xEA;s</subfield>
    <subfield code="e">uma viagem &#xE0; roda da casa</subfield>
    <subfield code="f">M. Iline</subfield>
    <subfield code="g">trad. Ema Quintas Alves</subfield>
  </datafield>
  <datafield tag="210" ind1=" " ind2="9">
    <subfield code="a">Lisboa</subfield>
    <subfield code="c">Edi&#xE7;&#xF5;es Cosmos,</subfield>
    <subfield code="d">1948</subfield>
  </datafield>
  <datafield tag="215" ind1=" " ind2=" ">
    <subfield code="a">113, [1] p.</subfield>
    <subfield code="c">il.</subfield>
    <subfield code="d">20 cm</subfield>
  </datafield>
  <datafield tag="225" ind1="2" ind2=" ">
    <subfield code="a">Biblioteca Cosmos</subfield>
    <subfield code="v">139</subfield>
    <subfield code="h">1.&#xAA; sec&#xE7;&#xE3;o</subfield>
    <subfield code="i">Ci&#xEA;ncias e T&#xE9;cnicas. Ci&#xEA;ncias da Natureza</subfield>
    <subfield code="v">62</subfield>
  </datafield>
  <datafield tag="517" ind1="1" ind2=" ">
    <subfield code="a">Cem mil porqu&#xEA;s</subfield>
  </datafield>
  <datafield tag="675" ind1=" " ind2=" ">
    <subfield code="a">001.92</subfield>
    <subfield code="v">BN</subfield>
    <subfield code="z">por</subfield>
  </datafield>
  <datafield tag="700" ind1=" " ind2="1">
    <subfield code="a">Iline,</subfield>
    <subfield code="b">M.</subfield>
  </datafield>
  <datafield tag="702" ind1=" " ind2="1">
    <subfield code="a">Alves,</subfield>
    <subfield code="b">Ema Quintas</subfield>
    <subfield code="4">730</subfield>
  </datafield>
  <datafield tag="801" ind1=" " ind2="0">
    <subfield code="a">PT</subfield>
    <subfield code="b">BN</subfield>
    <subfield code="g">RPC</subfield>
  </datafield>
  <datafield tag="990" ind1=" " ind2=" ">
    <subfield code="c">MON</subfield>
  </datafield>
  <datafield tag="995" ind1=" " ind2=" ">
    <subfield code="1">0</subfield>
    <subfield code="9">76314</subfield>
    <subfield code="b">BMR</subfield>
    <subfield code="c">BMR</subfield>
    <subfield code="f">056172</subfield>
    <subfield code="k">001.92 ILI</subfield>
    <subfield code="o">-1</subfield>
    <subfield code="r">LIVROS</subfield>
    <subfield code="u">oferta de Verg&#xED;lio Ambr&#xF3;sio</subfield>
  </datafield>
</record>
